000 00321nam a22001217a 4500
008 190312b xxu||||| |||| 00| 0 eng d
041 _aeng
080 _a043.3
100 _a0
101 _aSHKI-MTH
245 _aAnaliza e rrjeteve kompjuterike në shkollat fillore në komunën e Istogut
_cZeqiraj,A
942 _2udc
_cBK
999 _c54713
_d54713